<?xml version="1.0" encoding="UTF-8"?><?xml-stylesheet type="text/xsl" href="static/style.xsl"?><OAI-PMH xmlns="http://www.openarchives.org/OAI/2.0/" xmlns:xsi="http://www.w3.org/2001/XMLSchema-instance" xsi:schemaLocation="http://www.openarchives.org/OAI/2.0/ http://www.openarchives.org/OAI/2.0/OAI-PMH.xsd"><responseDate>2026-06-06T04:01:01Z</responseDate><request verb="GetRecord" identifier="oai:riuma.uma.es:10630/26091" metadataPrefix="marc">https://riuma.uma.es/rest/oai/request</request><GetRecord><record><header><identifier>oai:riuma.uma.es:10630/26091</identifier><datestamp>2026-02-03T11:59:25Z</datestamp><setSpec>com_10630_2254</setSpec><setSpec>col_10630_37959</setSpec></header><metadata><record xmlns="http://www.loc.gov/MARC21/slim" xmlns:dcterms="http://purl.org/dc/terms/" xmlns:doc="http://www.lyncode.com/xoai" xmlns:xsi="http://www.w3.org/2001/XMLSchema-instance" xsi:schemaLocation="http://www.loc.gov/MARC21/slim http://www.loc.gov/standards/marcxml/schema/MARC21slim.xsd">
   <leader>00925njm 22002777a 4500</leader>
   <datafield ind2=" " ind1=" " tag="042">
      <subfield code="a">dc</subfield>
   </datafield>
   <datafield ind2=" " ind1=" " tag="720">
      <subfield code="a">Fernández-Agulló, Rubén</subfield>
      <subfield code="e">author</subfield>
   </datafield>
   <datafield ind2=" " ind1=" " tag="720">
      <subfield code="a">Mayorga-Vega, Daniel</subfield>
      <subfield code="e">author</subfield>
   </datafield>
   <datafield ind2=" " ind1=" " tag="720">
      <subfield code="a">Merino-Marban, Rafael</subfield>
      <subfield code="e">author</subfield>
   </datafield>
   <datafield ind2=" " ind1=" " tag="260">
      <subfield code="c">2023</subfield>
   </datafield>
   <datafield ind2=" " ind1=" " tag="520">
      <subfield code="a">Introducción. El impacto de los diferentes tipos de protocolo de calentamiento en el rendimiento de los niños es claramente una cuestión sin resolver que aún no se ha investigado satisfactoriamente. En consecuencia, el propósito de esta revisión fue analizar la literatura actual sobre el tema. Material y métodos. El primer paso fue realizar una búsqueda en PROSPERO con la palabra clave warm up. Posteriormente, se realizaron búsquedas en cinco bases de datos bibliográficas electrónicas hasta el 10 de abril de 2021: Web of Science (todas las bases de datos), Scopus, SportDiscus, PubMed y Google Scholar. Resultados. Se incluyeron en los análisis finales seis estudios con un total de 138 participantes. En cuanto a las cualidades físicas que se evaluaron, 4 de los estudios evaluaron la fuerza a través del salto vertical, 3 evaluaron la velocidad de carrera, uno evaluó la resistencia anaeróbica (30 segundos) con un cicloergómetro y otro evaluó la flexibilidad mediante el Sit &amp; Reach. Conclusiones. La práctica de un calentamiento dinámico o específico antes del entrenamiento parece mejorar el rendimiento de velocidad y fuerza en comparación con la ausencia de calentamiento en niños en edad escolar. Sin embargo, es necesario seguir investigando los efectos del calentamiento en la resistencia y la flexibilidad en niños en edad escolar.</subfield>
   </datafield>
   <datafield ind1="8" ind2=" " tag="024">
      <subfield code="a">Fernández-Agullo, R., Mayorga-Vega, D. y Merino-Marban, R. (2023). Efecto del calentamiento sobre el rendimiento motor en escolares. Una revisión sistemática. Actas del 6º Congreso Mundial de Educación EDUCA 2023. Edita Universidad de La Coruña</subfield>
   </datafield>
   <datafield ind1="8" ind2=" " tag="024">
      <subfield code="a">https://hdl.handle.net/10630/26091</subfield>
   </datafield>
   <datafield tag="653" ind2=" " ind1=" ">
      <subfield code="a">Didáctica-Deporte</subfield>
   </datafield>
   <datafield tag="653" ind2=" " ind1=" ">
      <subfield code="a">Deporte</subfield>
   </datafield>
   <datafield tag="653" ind2=" " ind1=" ">
      <subfield code="a">Educación Física- Didáctica</subfield>
   </datafield>
   <datafield tag="653" ind2=" " ind1=" ">
      <subfield code="a">Enseñanza</subfield>
   </datafield>
   <datafield ind2="0" ind1="0" tag="245">
      <subfield code="a">Efecto del calentamiento sobre el rendimiento motor en escolares. Una revisión sistemática.</subfield>
   </datafield>
</record>
</metadata></record></GetRecord></OAI-PMH>